00142 a2200073 450000100060000010000050000624500270001126000300003857585 a aIslam and Christianity aLahorebMinhaj ul Quranc